| 000 | 01119nam0a2200313 4500 | ||
|---|---|---|---|
| 001 | RU\NLR\BIBL_A\011963436 | ||
| 005 | 20190412142150.0 | ||
| 010 |
_a978-5-227-08412-5 _9100000 |
||
| 021 |
_aRU _bКН-П-19-010649 _9КН-П-19-0782 |
||
| 035 | _a(NLR Aleph) 011963436 | ||
| 035 | _a(RuMoRGB)009895634 | ||
| 090 |
_a11216967 _c11216967 |
||
| 100 | _a20190319d2019 e y0rusy50 ca | ||
| 101 | 1 |
_arus _ceng |
|
| 102 | _aRU | ||
| 105 | _ay|||z|||000ay | ||
| 200 | 1 |
_aРасставание со счастливым финалом _eроман _fСара Орвиг _g[перевод с английского Н. С. Сацюк] _gАрлекин |
|
| 210 |
_aМосква _cЦентрполиграф _d2019 |
||
| 215 |
_a158, [2] с. _d17 |
||
| 225 | 1 | _aПодари себе мечту | |
| 225 | 1 |
_aЛюбовный роман _v0869 |
|
| 686 | 1 | _aШ6(7США)67-440.4{Лх1979-50} | |
| 700 | 1 |
_aОрвиг _bС. _gСара _3RU\NLR\AUTH\770206971 |
|
| 942 | _cBOOK | ||
| 980 | _aNBR | ||
| 980 | _aNB | ||